Statystyki dla jaki jest język w danym kraju część 4

Kliknij tutaj aby rozwiązać quiz!

Ogólne statystyki

  • Ten quiz został rozwiązany 43 razy
    (32 od ostatniego zresetowania)
  • Średni wynik to 10 z 12

Statystyki odpowiedzi

państwojęzyk% Poprawnych
Czechyczeski
100%
Rosjarosyjski
100%
wietnamwietnamski
96%
Trynidad i
Tobago
angielski
93%
Gruzjagruziński
89%
Meksykhiszpański
89%
Erytreaarabski
82%
Czadarabski
82%
Katararabski
82%
Czadfrancuski
71%
Mozambikportugalski
64%
Erytreatigrinia
7%

Rozkład punktacji

Percentyl według liczby udzielonych odpowiedzi

Procent ludzi z każdym wynikiem

Twoja historia wyników

Nie rozwiązałeś tego quizu od ostatniego zresetowania